Panorama electoral : estudio comparativo de las legislaciones electorales de la República Mexicana /

Sparad:
Bibliografiska uppgifter
Institutionellt upphov: Tribunal Electoral del Poder Judicial de la Federación
Materialtyp: Bok
Språk:spanska
Ämnen:
Taggar: Lägg till en tagg
Inga taggar, Lägg till första taggen!

MARC

LEADER 00000nam^a2200000^a^4500
001 000165317
005 20250521000000.0
009 20260310101014.865
037 |a Acervo ITESO - Biblioteca 
041 |a ESP 
082 |a 342. 7207  |b MEX 2000 
110 |a Tribunal Electoral del Poder Judicial de la Federación 
245 1 0 |a Panorama electoral :  |b estudio comparativo de las legislaciones electorales de la República Mexicana /  |c Presen. de Angel R. Díaz Ortiz. 
264 |a México :  |b Tribunal Electoral del Poder Judicial de la Federación,  |c 2000 
300 |a 1 v. (varias paginaciones) 
336 |a texto  |b txt  |2 rdacontenido 
337 |a sin mediación  |b n  |2 rdamedio 
338 |a volumen  |b nc  |2 rdasoporte 
649 |a XX 
650 |a Observadores Electorales -  |z México -  |x Condiciones Jurídicas 
650 |a Partidos Políticos -  |z México 
650 |a Instituciones Políticas -  |z México 
650 |a Elecciones -  |z México 
650 |a Proceso Político -  |z México 
650 |a Justicia -  |x Administración -  |z México 
650 |a Derecho Electoral -  |z México -  |x Tema Principal 
650 |a Derecho Político -  |z México 
650 |a Derecho Público -  |z México 
650 |a Derecho Comparado 
910 |a Fondo General 
920 |a Impresos - Libros 
930 |a Reserva Especial 
905 |a 103 
901 |a 0500100093  |b IT1  |c REE  |u 20250521 
902 |a https://opac.biblio.iteso.mx/vufind/Record/000165317